[Event "21. Copenhagen Open  (Politiken Cup)"]
[Site "Copenhagen"]
[Date "1999.07.07"]
[Round "5"]
[White "Jorgensen, Morten"]
[Black "Manley, Christian"]
[Result "0-1"]
[WhiteElo "1151"]
[BlackElo "1086"]
[PlyCount "150"]
[EventDate "1999.07.03"]
[EventType "swiss"]
[EventRounds "11"]
[EventCountry "DEN"]
[SourceDate "2004.01.01"]

1. e4 c5 2. Nf3 Nc6 3. d4 cxd4 4. Nxd4 e5 5. Nf5 Nf6 6. Ng3 Qb6 7. Bd3 d6 8. h3
Qa5+ 9. c3 Be6 10. O-O d5 11. Bd2 dxe4 12. Nxe4 Nxe4 13. Bxe4 Qc7 14. Be3 Be7
15. Nd2 O-O 16. Qc2 g6 17. Rad1 Bf6 18. Nf3 Qa5 19. a3 Qb5 20. b4 Qa6 21. a4 b5
22. Rd6 Rfc8 23. axb5 Qxb5 24. Bd3 Qb7 25. Be4 a6 26. h4 h5 27. Bg5 Bxg5 28.
hxg5 Rab8 29. Nxe5 Nxb4 30. Qb1 Qc7 31. Rfd1 Nd5 32. Qd3 Qxd6 33. Nf3 Rxc3 34.
Qd4 Rb4 35. Qd2 Qf4 36. Qe1 a5 37. Bxd5 Bxd5 38. Qxc3 Rc4 39. Qxa5 Rc1 40. Qd8+
Kh7 41. Qxd5 Rxd1+ 42. Qxd1 Qg4 43. Qb3 Kg7 44. Qc3+ Kh7 45. Qf6 Kg8 46. Ne5
Qd1+ 47. Kh2 Qb3 48. g4 hxg4 49. Nxg4 Qb8+ 50. Ne5 Qc7 51. Kg3 Qc3+ 52. Kg2 Qc7
53. Nxg6 Qb7+ 54. f3 fxg6 55. Qxg6+ Kh8 56. Qf6+ Kg8 57. g6 Qc7 58. f4 Qc2+ 59.
Kg3 Qd3+ 60. Kg4 Qe2+ 61. Kf5 Qb5+ 62. Qe5 Qd3+ 63. Qe4 Qh3+ 64. Ke5 Qc3+ 65.
Kd5 Qa5+ 66. Kd4 Qb4+ 67. Kd3 Qb1+ 68. Ke3 Qe1+ 69. Kf3 Qh1+ 70. Kg4 Qxe4 71.
Kg5 Kg7 72. f5 Qg2+ 73. Kh5 Qh3+ 74. Kg5 Qg3+ 75. Kh5 Qf4 0-1

[Event "21. Copenhagen Open  (Politiken Cup)"]
[Site "Copenhagen"]
[Date "1999.07.07"]
[Round "5"]
[White "Karlsen, Arne"]
[Black "Petersen, Peter Birk"]
[Result "0-1"]
[WhiteElo "2022"]
[BlackElo "2205"]
[PlyCount "82"]
[EventDate "1999.07.03"]
[EventType "swiss"]
[EventRounds "11"]
[EventCountry "DEN"]
[SourceDate "2004.01.01"]

1. e4 c5 2. Nf3 Nc6 3. Bb5 g6 4. O-O Bg7 5. Re1 Qb6 6. a4 a6 7. Bxc6 bxc6 8. a5
Qc7 9. c3 d6 10. d4 cxd4 11. cxd4 Bg4 12. Be3 Nf6 13. Nc3 O-O 14. h3 Be6 15. d5
Bd7 16. Bb6 Qb7 17. Ra3 Rfe8 18. Rb3 Rab8 19. Nd2 cxd5 20. exd5 Nxd5 21. Bd4
Nxc3 22. Bxc3 Qc7 23. Rxb8 Qxb8 24. Bxg7 Kxg7 25. Nc4 Qc7 26. Nb6 Be6 27. Qd3
Bc8 28. Qd2 Bb7 29. Rc1 Qd8 30. Rc4 d5 31. Rh4 h5 32. g4 Qd6 33. gxh5 Rh8 34.
Qg5 Rh6 35. Rg4 f6 36. Qf5 g5 37. Rxg5+ fxg5 38. Nd7 Qf4 39. Qc2 Rc6 40. Nc5 d4
41. Qc4 Qe5 0-1

[Event "21. Copenhagen Open  (Politiken Cup)"]
[Site "Copenhagen"]
[Date "1999.07.07"]
[Round "5"]
[White "Kokholm, Daniel"]
[Black "Gozzi, Giorgio"]
[Result "1/2-1/2"]
[WhiteElo "1892"]
[BlackElo "1657"]
[PlyCount "99"]
[EventDate "1999.07.03"]
[EventType "swiss"]
[EventRounds "11"]
[EventCountry "DEN"]
[SourceDate "2004.01.01"]

1. d4 Nf6 2. e3 g6 3. Bd3 c5 4. c3 cxd4 5. exd4 d5 6. Nd2 Nc6 7. Ngf3 Bg7 8. b3
O-O 9. h3 Nd7 10. Bb2 e5 11. dxe5 Ndxe5 12. Nxe5 Re8 13. O-O Nxe5 14. Bc2 Bxh3
15. f4 Qb6+ 16. Kh2 Bg4 17. Nf3 Nc4 18. bxc4 Qxb2 19. Bb3 Re2 20. Qxd5 Bxf3 21.
Qxf3 Re7 22. Rae1 Rae8 23. Rxe7 Rxe7 24. Rd1 Bxc3 25. Rd8+ Kg7 26. Rb8 Qd2 27.
c5 Qe1 28. Qg3 Qxg3+ 29. Kxg3 g5 30. Ra8 gxf4+ 31. Kxf4 Bd4 32. Rxa7 Bxc5 33.
Ra8 b6 34. Rc8 h6 35. Rc6 Be3+ 36. Kf5 Bc5 37. g4 Re1 38. Bc4 Rc1 39. Bb3 Rf1+
40. Ke4 Rg1 41. Kf3 Rf1+ 42. Kg2 Rf2+ 43. Kg3 Rd2 44. Rc8 Bd6+ 45. Kf3 Rd3+ 46.
Ke4 Rg3 47. Bd1 Rg1 48. Bf3 Ra1 49. Ra8 Bb4 50. Ra4 1/2-1/2

[Event "21. Copenhagen Open  (Politiken Cup)"]
[Site "Copenhagen"]
[Date "1999.07.07"]
[Round "5"]
[White "Kragh, Niels Kristian"]
[Black "Backlund, Anders"]
[Result "1/2-1/2"]
[WhiteElo "1813"]
[BlackElo "2265"]
[PlyCount "60"]
[EventDate "1999.07.03"]
[EventType "swiss"]
[EventRounds "11"]
[EventCountry "DEN"]
[SourceDate "2004.01.01"]

1. e4 c5 2. c3 e6 3. d4 d5 4. e5 Nc6 5. Nf3 Bd7 6. Be2 f6 7. O-O fxe5 8. Nxe5
Nxe5 9. dxe5 Qc7 10. Bf4 Ne7 11. Bd3 O-O-O 12. Nd2 Nc6 13. Nf3 Be7 14. a3 h6
15. Bg6 Rdf8 16. g3 Be8 17. Qc2 Qd7 18. b4 Bg5 19. Bxe8 Qxe8 20. b5 Ne7 21.
Nxg5 hxg5 22. Bxg5 Nf5 23. g4 Nh4 24. f4 Qxb5 25. Rab1 Qc6 26. c4 d4 27. Qf2
Ng6 28. Qc2 Nh4 29. Qf2 Ng6 30. Qc2 Nh4 1/2-1/2

[Event "21. Copenhagen Open  (Politiken Cup)"]
[Site "Copenhagen"]
[Date "1999.07.07"]
[Round "5"]
[White "Laursen, Niels Norskov"]
[Black "Bjarnason, Larus H"]
[Result "1/2-1/2"]
[WhiteElo "2055"]
[BlackElo "1550"]
[PlyCount "45"]
[EventDate "1999.07.03"]
[EventType "swiss"]
[EventRounds "11"]
[EventCountry "DEN"]
[SourceDate "2004.01.01"]

1. e4 c6 2. d4 d5 3. exd5 cxd5 4. Bd3 Nf6 5. c3 Bg4 6. Qb3 Qc7 7. Ne2 e6 8. Bf4
Qc8 9. Nd2 Nc6 10. O-O Be7 11. Rae1 Bh5 12. Bg3 Bg6 13. Nf4 Bxd3 14. Nxd3 Nh5
15. Be5 O-O 16. Re3 Nxe5 17. Rxe5 g6 18. Rfe1 Qc7 19. g3 Bd6 20. R5e2 b6 21.
Ne5 Nf6 22. Kg2 Kg7 23. Ndf3 1/2-1/2

[Event "21. Copenhagen Open  (Politiken Cup)"]
[Site "Copenhagen"]
[Date "1999.07.07"]
[Round "5"]
[White "Lund, Thomas"]
[Black "Larsen, Vagn"]
[Result "1/2-1/2"]
[WhiteElo "1691"]
[BlackElo "1465"]
[PlyCount "150"]
[EventDate "1999.07.03"]
[EventType "swiss"]
[EventRounds "11"]
[EventCountry "DEN"]
[SourceDate "2004.01.01"]

1. c4 e5 2. Nc3 Nf6 3. Nf3 Nc6 4. g3 d5 5. cxd5 Nxd5 6. Bg2 Nxc3 7. dxc3 Qxd1+
8. Kxd1 Bc5 9. Ng5 Bd7 10. b4 Bb6 11. Kc2 f6 12. Ne4 O-O-O 13. Bd2 Bf5 14. e3
Rd7 15. Rhd1 Rhd8 16. Be1 Rxd1 17. Rxd1 Bd7 18. c4 Nxb4+ 19. Kb2 Nc6 20. a3 f5
21. Ng5 h6 22. Nf7 Re8 23. Bxc6 Bxc6 24. Bc3 Ba4 25. Rd2 Rf8 26. Nxe5 g5 27.
Nd3 a6 28. c5 Ba7 29. Bd4 Re8 30. Kc3 Re6 31. Rb2 Bb5 32. Nb4 b6 33. cxb6 Bxb6
34. Bxb6 cxb6 35. Kd4 Kd7 36. Nd5 Re4+ 37. Kc3 Rc4+ 38. Kb3 Rc6 39. Rd2 Ke6 40.
Nb4 Rd6 41. Rxd6+ Kxd6 42. Kc3 a5 43. Nc2 Kd5 44. Nd4 Bd7 45. Kd3 b5 46. Nb3 a4
47. Nd4 Kc5 48. Kc3 Bc8 49. Nf3 Kd5 50. Kb4 Bd7 51. Nd2 g4 52. Kc3 Kc5 53. e4
h5 54. exf5 Bxf5 55. f3 gxf3 56. Nxf3 Bd7 57. Ne5 Be8 58. Nd3+ Kd5 59. Kb4 Ke4
60. Nc5+ Kf3 61. Ne6 Bd7 62. Ng7 Kg4 63. h3+ Kxg3 64. Nxh5+ Kxh3 65. Nf4+ Kg4
66. Ne2 Kf5 67. Nc3 Ke5 68. Nxb5 Kd5 69. Na7 Kd6 70. Nb5+ Kc6 71. Nd4+ Kb6 72.
Kc4 Ka6 73. Kc5 Bg4 74. Nc6 Bf3 75. Ne5 Bd1 1/2-1/2

[Event "21. Copenhagen Open  (Politiken Cup)"]
[Site "Copenhagen"]
[Date "1999.07.07"]
[Round "5"]
[White "Lyell, Mark"]
[Black "Bosch, Jeroen"]
[Result "1/2-1/2"]
[WhiteElo "2238"]
[BlackElo "2433"]
[PlyCount "99"]
[EventDate "1999.07.03"]
[EventType "swiss"]
[EventRounds "11"]
[EventCountry "DEN"]
[SourceDate "2004.01.01"]

1. e4 c5 2. c3 g6 3. d4 cxd4 4. cxd4 d5 5. e5 Nc6 6. Nc3 Bg7 7. g3 Nh6 8. Bxh6
Bxh6 9. Bg2 e6 10. Nge2 f6 11. exf6 Qxf6 12. O-O O-O 13. Qd3 Bg7 14. Rad1 Bd7
15. Rd2 Kh8 16. Nd1 e5 17. dxe5 Nxe5 18. Qb3 Bc6 19. Ne3 Nf3+ 20. Bxf3 Qxf3 21.
Nd4 Qe4 22. Qd3 Qe7 23. Ng2 Rae8 24. Nf4 Qf6 25. b4 Re4 26. Rfd1 Qf7 27. Qb3 g5
28. Nh3 h6 29. Kg2 Bd7 30. f3 Re7 31. Nf2 Rfe8 32. Rd3 a6 33. R1d2 Bf6 34. Nd1
Kg7 35. Nc3 Re5 36. Nce2 Qh5 37. g4 Qf7 38. Ng3 Kh7 39. Qc2 Qg6 40. Ngf5 Re1
41. Qc7 Qf7 42. Qxb7 Rf8 43. Qxa6 Qe8 44. Qb7 Rf7 45. Qxd5 Bxd4 46. Nxd4 Rfe7
47. Nf5 R1e2+ 48. Rxe2 Rxe2+ 49. Kh3 Rxh2+ 50. Kxh2 1/2-1/2

[Event "21. Copenhagen Open  (Politiken Cup)"]
[Site "Copenhagen"]
[Date "1999.07.07"]
[Round "5"]
[White "Lynge, Torben"]
[Black "Hau, Helge"]
[Result "1-0"]
[WhiteElo "1708"]
[BlackElo "1492"]
[PlyCount "103"]
[EventDate "1999.07.03"]
[EventType "swiss"]
[EventRounds "11"]
[EventCountry "DEN"]
[SourceDate "2004.01.01"]

1. e4 e6 2. d4 d5 3. Nc3 Bb4 4. e5 a6 5. Qg4 g6 6. Bg5 Be7 7. Bxe7 Nxe7 8. Bd3
Nd7 9. Nf3 c5 10. h4 c4 11. Be2 h5 12. Qf4 Nf5 13. g4 hxg4 14. Qxg4 Qb6 15.
O-O-O Nf8 16. h5 gxh5 17. Rxh5 Rxh5 18. Qxh5 Bd7 19. Ng5 O-O-O 20. Qg4 Be8 21.
Bf3 Ne7 22. Rh1 Kb8 23. Qf4 Nfg6 24. Qd2 Nc6 25. Ne2 a5 26. Rh7 Rd7 27. Bh5 Nd8
28. Nf4 Nxf4 29. Qxf4 Qc6 30. Rh8 Rc7 31. Nxf7 Nxf7 32. Bxf7 Rc8 33. Rxe8 Rxe8
34. Bxe8 Qxe8 35. Qf6 Kc7 36. c3 b5 37. Kd2 b4 38. Qg7+ Kb6 39. Qf6 Kb5 40. Qg7
Qc6 41. Qa7 b3 42. a3 a4 43. Qb8+ Ka6 44. Ke3 Qd7 45. Qd6+ Qxd6 46. exd6 Kb7
47. Kf4 Kc6 48. Ke5 Kd7 49. f4 Kd8 50. Kxe6 Ke8 51. d7+ Kd8 52. f5 1-0

[Event "21. Copenhagen Open  (Politiken Cup)"]
[Site "Copenhagen"]
[Date "1999.07.07"]
[Round "5"]
[White "Matthiesen, Martin"]
[Black "Vistisen, Lars"]
[Result "1-0"]
[WhiteElo "2322"]
[BlackElo "2199"]
[PlyCount "35"]
[EventDate "1999.07.03"]
[EventType "swiss"]
[EventRounds "11"]
[EventCountry "DEN"]
[SourceDate "2004.01.01"]

1. d4 Nf6 2. Nf3 c5 3. d5 b5 4. Bg5 Qb6 5. c4 bxc4 6. Nc3 Qxb2 7. Bd2 Qb6 8. e4
d6 9. Rb1 Qd8 10. Bxc4 e5 11. dxe6 fxe6 12. Ng5 Qe7 13. e5 Nd5 14. Nxd5 exd5
15. Bxd5 Ba6 16. Bxa8 Qxe5+ 17. Be3 Nd7 18. Bc6 1-0

[Event "21. Copenhagen Open  (Politiken Cup)"]
[Site "Copenhagen"]
[Date "1999.07.07"]
[Round "5"]
[White "Meulenbroek, Kim"]
[Black "Lonborg, Morten"]
[Result "1/2-1/2"]
[WhiteElo "1940"]
[BlackElo "2159"]
[PlyCount "43"]
[EventDate "1999.07.03"]
[EventType "swiss"]
[EventRounds "11"]
[EventCountry "DEN"]
[SourceDate "2004.01.01"]

1. e4 c5 2. Nf3 d6 3. d4 cxd4 4. Nxd4 Nf6 5. Nc3 e6 6. Be2 Nc6 7. Be3 a6 8. f4
Be7 9. O-O Qc7 10. Qe1 b5 11. Nxc6 Qxc6 12. e5 Nd7 13. Bf3 d5 14. Rd1 Nb6 15.
f5 Nc4 16. Rxd5 exd5 17. Nxd5 Nxe5 18. Nxe7 Nxf3+ 19. Rxf3 Qe4 20. Qc3 Qxe7 21.
Qc6+ Qd7 22. Qe4+ 1/2-1/2

[Event "21. Copenhagen Open  (Politiken Cup)"]
[Site "Copenhagen"]
[Date "1999.07.07"]
[Round "5"]
[White "Maechel, Michael"]
[Black "Arngrimsson, Dagur"]
[Result "0-1"]
[WhiteElo "1611"]
[BlackElo "1725"]
[PlyCount "60"]
[EventDate "1999.07.03"]
[EventType "swiss"]
[EventRounds "11"]
[EventCountry "DEN"]
[SourceDate "2004.01.01"]

1. e4 c5 2. Nf3 d6 3. d4 cxd4 4. Nxd4 Nf6 5. Nc3 g6 6. Be2 Bg7 7. O-O O-O 8.
Be3 Nc6 9. Nxc6 bxc6 10. Rb1 Be6 11. f4 Qa5 12. f5 Bd7 13. fxg6 hxg6 14. Kh1
Rab8 15. Qc1 Ng4 16. Bxg4 Bxg4 17. Bh6 Bxc3 18. bxc3 Rfe8 19. Qf4 Be6 20. Rbd1
Qxc3 21. Rd3 Qa5 22. Rxd6 exd6 23. Bg5 Qe5 24. Qh4 Rb5 25. Bf6 Qh5 26. Qf4 Reb8
27. g4 Qxg4 28. Qh6 Qxe4+ 29. Kg1 Qg4+ 30. Kf2 Rf5+ 0-1

[Event "21. Copenhagen Open  (Politiken Cup)"]
[Site "Copenhagen"]
[Date "1999.07.07"]
[Round "5"]
[White "Moller, Arne"]
[Black "Simonsen, Hans Kristian"]
[Result "1-0"]
[WhiteElo "1865"]
[BlackElo "1650"]
[PlyCount "97"]
[EventDate "1999.07.03"]
[EventType "swiss"]
[EventRounds "11"]
[EventCountry "DEN"]
[SourceDate "2004.01.01"]

1. e4 c5 2. b3 Nc6 3. Bb2 e6 4. Nf3 Nf6 5. d3 Be7 6. Be2 O-O 7. O-O d5 8. exd5
Nxd5 9. Re1 Bf6 10. Bxf6 Qxf6 11. c3 Nxc3 12. Nxc3 Qxc3 13. Rc1 Qa5 14. Qc2 b6
15. d4 Nxd4 16. Nxd4 cxd4 17. Bf3 Rb8 18. Qc7 Ba6 19. Qxa7 d3 20. b4 Qxb4 21.
Red1 Qa5 22. Rc7 Rbc8 23. Rxc8 Rxc8 24. Qd7 Qb5 25. Qe7 g6 26. h4 Qc5 27. Qa7
Bb5 28. a4 Bc4 29. Qd7 Qc7 30. Qd4 e5 31. Qb2 f5 32. g3 e4 33. Bg2 Qd6 34. Bh3
h5 35. Qd2 Kg7 36. Qe3 Rd8 37. Qd2 Qd4 38. Qg5 Qf6 39. Qd2 Bb3 40. Rc1 Bc2 41.
Bg2 Qd4 42. Kh2 Ra8 43. Rxc2 Rxa4 44. Rc7+ Kf6 45. Qg5+ Ke6 46. Qe7+ Kd5 47.
Qd8+ Ke5 48. Re7+ Kf6 49. Qf8# 1-0

[Event "21. Copenhagen Open  (Politiken Cup)"]
[Site "Copenhagen"]
[Date "1999.07.07"]
[Round "5"]
[White "Nielsen, Frode Benedikt"]
[Black "Bogdanov, Dimitri"]
[Result "0-1"]
[WhiteElo "1949"]
[BlackElo "2175"]
[PlyCount "52"]
[EventDate "1999.07.03"]
[EventType "swiss"]
[EventRounds "11"]
[EventCountry "DEN"]
[SourceDate "2004.01.01"]

1. e4 g6 2. c4 Bg7 3. Nc3 c5 4. d3 Nc6 5. Nge2 d6 6. g3 e6 7. Bg2 Nge7 8. O-O
O-O 9. Rb1 h6 10. f4 f5 11. Be3 Nd4 12. a3 a5 13. b4 axb4 14. axb4 Nec6 15.
bxc5 dxc5 16. Nb5 Ra2 17. Bxd4 Nxd4 18. Nexd4 Bxd4+ 19. Kh1 b6 20. e5 Rxg2 21.
Kxg2 Bb7+ 22. Kh3 g5 23. fxg5 hxg5 24. g4 Qd7 25. Nxd4 Qh7+ 26. Kg3 Qh4# 0-1

[Event "21. Copenhagen Open  (Politiken Cup)"]
[Site "Copenhagen"]
[Date "1999.07.07"]
[Round "5"]
[White "Nielsen, Michael Backmann"]
[Black "Pedersen, Bent O"]
[Result "0-1"]
[WhiteElo "1514"]
[BlackElo "1702"]
[PlyCount "66"]
[EventDate "1999.07.03"]
[EventType "swiss"]
[EventRounds "11"]
[EventCountry "DEN"]
[SourceDate "2004.01.01"]

1. d4 f5 2. g3 Nf6 3. Bg2 e6 4. Nh3 d5 5. Bg5 Nbd7 6. Nf4 Nb6 7. Nd2 Be7 8. e3
O-O 9. O-O Qe8 10. c4 Ne4 11. Nxe4 fxe4 12. Bxe7 Qxe7 13. cxd5 exd5 14. Qb3 c6
15. h4 Nc4 16. Qc3 Bg4 17. b3 Nd6 18. Rac1 Qd7 19. a4 Rae8 20. Qc5 Bf3 21. Bh3
Nf5 22. Qxa7 Qe7 23. Bxf5 Rxf5 24. Kh2 Ref8 25. Rxc6 g5 26. Ne6 gxh4 27. Nxf8
hxg3+ 28. fxg3 Rh5+ 29. Kg1 Rh1+ 30. Kf2 Rh2+ 31. Kg1 Rg2+ 32. Kh1 Rxg3+ 33.
Rxf3 Qh4# 0-1

[Event "21. Copenhagen Open  (Politiken Cup)"]
[Site "Copenhagen"]
[Date "1999.07.07"]
[Round "5"]
[White "Nuoristo, Peter"]
[Black "Maarup, Michael"]
[Result "1-0"]
[WhiteElo "2266"]
[BlackElo "2184"]
[PlyCount "63"]
[EventDate "1999.07.03"]
[EventType "swiss"]
[EventRounds "11"]
[EventCountry "DEN"]
[SourceDate "2004.01.01"]

1. d4 d5 2. c4 e6 3. Nc3 c5 4. e3 Nf6 5. Nf3 Nc6 6. cxd5 exd5 7. Bb5 a6 8.
Bxc6+ bxc6 9. O-O Bd6 10. dxc5 Bxc5 11. e4 O-O 12. Bg5 Be7 13. Qa4 dxe4 14.
Rad1 Qc7 15. Nxe4 Nd5 16. Bxe7 Nxe7 17. Nc5 Rb8 18. b3 Rb5 19. Qc4 Nd5 20. Rfe1
Qa5 21. Na4 Nb6 22. Qxc6 Nxa4 23. Re8 Rc5 24. Rxf8+ Kxf8 25. Qd6+ Ke8 26. b4
Qc7 27. bxc5 Qxd6 28. cxd6 f6 29. Nd4 Kd7 30. Nb3 Bb7 31. Rd4 Bc6 32. Rxa4 1-0

[Event "21. Copenhagen Open  (Politiken Cup)"]
[Site "Copenhagen"]
[Date "1999.07.07"]
[Round "5"]
[White "Olsen, Miriam Frida"]
[Black "Al Saad, Mofid"]
[Result "0-1"]
[WhiteElo "1000"]
[BlackElo "1323"]
[PlyCount "60"]
[EventDate "1999.07.03"]
[EventType "swiss"]
[EventRounds "11"]
[EventCountry "DEN"]
[SourceDate "2004.01.01"]

1. e4 g6 2. d4 Bg7 3. c4 d6 4. Nf3 Nd7 5. Be2 b6 6. Nc3 Bb7 7. O-O Ngf6 8. d5
O-O 9. Be3 Ng4 10. Bf4 e5 11. Bd2 Ngf6 12. Qc2 Rc8 13. Rac1 a6 14. Nh4 c6 15.
f4 cxd5 16. cxd5 Nxd5 17. exd5 Qxh4 18. Qa4 Nc5 19. Be1 Qe7 20. Qb4 e4 21. Qxb6
Rb8 22. Rc2 Ba8 23. Qa5 Nd3 24. Bxd3 exd3 25. Rd2 Qe3+ 26. Kh1 Rfe8 27. Rd1
Rxb2 28. Qxa6 d2 29. Bxd2 Rxd2 30. Rf3 Qxc3 0-1

[Event "21. Copenhagen Open  (Politiken Cup)"]
[Site "Copenhagen"]
[Date "1999.07.07"]
[Round "5"]
[White "Olsen, Peter Erik"]
[Black "Petersen, Steen"]
[Result "1-0"]
[WhiteElo "2248"]
[BlackElo "2166"]
[PlyCount "101"]
[EventDate "1999.07.03"]
[EventType "swiss"]
[EventRounds "11"]
[EventCountry "DEN"]
[SourceDate "2004.01.01"]

1. d4 Nf6 2. Nf3 e6 3. g3 b6 4. Bg2 Bb7 5. O-O Be7 6. c4 O-O 7. Nc3 Ne4 8. Qc2
Nxc3 9. Qxc3 f5 10. Rd1 d6 11. Qe3 Qd7 12. Ne5 Qc8 13. Bxb7 Qxb7 14. Nd7 Nxd7
15. Qxe6+ Rf7 16. Qxd7 Qe4 17. e3 h5 18. Qb5 Qf3 19. Bd2 c6 20. Qb3 h4 21. Qd3
f4 22. Qf1 hxg3 23. exf4 gxh2+ 24. Kxh2 Rf5 25. Qg2 Qd3 26. Be3 Qxc4 27. Rac1
Qe6 28. Rxc6 Rh5+ 29. Kg1 Rh4 30. Kf1 Re8 31. b3 Rg4 32. Qf3 Qf5 33. Rc7 Qb5+
34. Ke1 Rg1+ 35. Kd2 Qa5+ 36. Kc1 Rxd1+ 37. Kxd1 d5 38. Rd7 Bf6 39. Qxd5+ Qxd5
40. Rxd5 Re7 41. Kd2 g6 42. Kd3 Rc7 43. Rd6 Kf7 44. d5 Ke7 45. Re6+ Kf7 46. Rc6
Rd7 47. Kc4 Be7 48. a4 Bd8 49. Bd4 Bh4 50. f3 Bg3 51. Rf6+ 1-0

[Event "21. Copenhagen Open  (Politiken Cup)"]
[Site "Copenhagen"]
[Date "1999.07.07"]
[Round "5"]
[White "Ori, Marco"]
[Black "Berg, Olaf"]
[Result "1-0"]
[WhiteElo "2068"]
[BlackElo "1530"]
[PlyCount "91"]
[EventDate "1999.07.03"]
[EventType "swiss"]
[EventRounds "11"]
[EventCountry "DEN"]
[SourceDate "2004.01.01"]

1. e4 c5 2. Nf3 d6 3. d4 cxd4 4. Nxd4 Nf6 5. Nc3 a6 6. Be3 Ng4 7. Bc1 Nf6 8.
Be2 e5 9. Nb3 Be6 10. O-O Be7 11. Be3 Nbd7 12. Kh1 b5 13. a3 Rc8 14. f4 Qc7 15.
f5 Bc4 16. Nd2 O-O 17. Nxc4 bxc4 18. Bf3 Qb7 19. Rb1 Nc5 20. Bg5 Ncd7 21. Qe2
Nb6 22. Be3 Rfd8 23. g4 Nfd7 24. Rg1 g6 25. g5 Nc5 26. Rg3 Nca4 27. Qe1 Nxc3
28. bxc3 Rc6 29. Rh3 h5 30. Qh4 Kf8 31. f6 Ke8 32. fxe7 Qxe7 33. Rxb6 Rxb6 34.
Bxb6 Rb8 35. Be3 Rb1+ 36. Kg2 Qb7 37. Be2 Qb2 38. Rf3 Qxc2 39. Rf2 Qxc3 40. Qg3
Rb3 41. Qf3 Qxe3 42. Qxf7+ Kd8 43. Qg8+ Kd7 44. Rf7+ Kc6 45. Qc8+ Kb6 46. Qc7+
1-0

[Event "21. Copenhagen Open  (Politiken Cup)"]
[Site "Copenhagen"]
[Date "1999.07.07"]
[Round "5"]
[White "Palo, Davor"]
[Black "Hedman, Erik"]
[Result "0-1"]
[WhiteElo "2141"]
[BlackElo "2348"]
[PlyCount "74"]
[EventDate "1999.07.03"]
[EventType "swiss"]
[EventRounds "11"]
[EventCountry "DEN"]
[SourceDate "2004.01.01"]

1. e4 e6 2. d4 d5 3. Nd2 c5 4. exd5 exd5 5. Ngf3 Nc6 6. Be2 Nf6 7. O-O cxd4 8.
Nb3 Be7 9. Nfxd4 O-O 10. Bf4 Ne4 11. c3 Bf6 12. Bf3 Qb6 13. Nxc6 bxc6 14. Be3
Qc7 15. Bd4 Be7 16. c4 Ba6 17. Bxe4 dxe4 18. Qg4 f6 19. Qxe4 Bd6 20. g3 Bxc4
21. Rfe1 Be5 22. Qe3 Qd7 23. f3 Qh3 24. Qf2 Rfe8 25. Bc5 Bc7 26. Rxe8+ Rxe8 27.
Re1 Rxe1+ 28. Qxe1 h5 29. Qe8+ Kh7 30. Nd2 Be5 31. Bxa7 Bxb2 32. Ne4 Qf5 33.
Kg2 Bd5 34. Nd2 h4 35. Be3 Qg4 36. Qd8 Qg6 37. Bf2 Qd3 0-1

[Event "21. Copenhagen Open  (Politiken Cup)"]
[Site "Copenhagen"]
[Date "1999.07.07"]
[Round "5"]
[White "Pedersen, Kaj Vinding"]
[Black "Grigorian, Anusit"]
[Result "1/2-1/2"]
[WhiteElo "1497"]
[BlackElo "2000"]
[PlyCount "42"]
[EventDate "1999.07.03"]
[EventType "swiss"]
[EventRounds "11"]
[EventCountry "DEN"]
[SourceDate "2004.01.01"]

1. d4 d5 2. Nf3 c5 3. c3 Nc6 4. Bf4 e6 5. e3 a6 6. Be2 Nf6 7. O-O c4 8. Nbd2 b5
9. Ne5 Nxe5 10. Bxe5 Bb7 11. a3 Bd6 12. Bg3 Bxg3 13. hxg3 h5 14. f3 h4 15. g4
h3 16. g3 Nd7 17. f4 f5 18. g5 g6 19. Nf3 Qe7 20. Kh2 O-O-O 21. a4 b4 1/2-1/2

[Event "21. Copenhagen Open  (Politiken Cup)"]
[Site "Copenhagen"]
[Date "1999.07.07"]
[Round "5"]
[White "Pedersen, Steen"]
[Black "Grigoryan, Meri"]
[Result "0-1"]
[WhiteElo "1677"]
[BlackElo "2100"]
[PlyCount "80"]
[EventDate "1999.07.03"]
[EventType "swiss"]
[EventRounds "11"]
[EventCountry "DEN"]
[SourceDate "2004.01.01"]

1. e4 c5 2. Nf3 d6 3. d4 cxd4 4. Nxd4 Nf6 5. Nc3 a6 6. Bg5 e6 7. f3 Be7 8. Qd2
b6 9. Bc4 Nxe4 10. Nxe4 d5 11. Bxe7 Qxe7 12. Bd3 dxe4 13. Bxe4 Ra7 14. Nc6 Nxc6
15. Bxc6+ Bd7 16. Bxd7+ Rxd7 17. Qf2 Qg5 18. f4 Qb5 19. c3 O-O 20. Rd1 Rxd1+
21. Kxd1 Qa4+ 22. b3 Rd8+ 23. Kc1 Qe4 24. Re1 Qd3 25. Qe3 Qd6 26. g3 a5 27. Qe2
a4 28. Rd1 Qa3+ 29. Kb1 Ra8 30. Qd2 h6 31. b4 Rc8 32. Qc2 g6 33. Rd3 Rc4 34.
Qd2 Kh7 35. h4 h5 36. Qe3 b5 37. Qe5 Rxb4+ 38. cxb4 Qxd3+ 39. Kb2 Qd2+ 40. Kb1
a3 0-1

[Event "21. Copenhagen Open  (Politiken Cup)"]
[Site "Copenhagen"]
[Date "1999.07.07"]
[Round "5"]
[White "Pedersen, Steffen"]
[Black "Lyrberg, Patrik"]
[Result "0-1"]
[WhiteElo "2427"]
[BlackElo "2395"]
[PlyCount "66"]
[EventDate "1999.07.03"]
[EventType "swiss"]
[EventRounds "11"]
[EventCountry "DEN"]
[SourceDate "2004.01.01"]

1. d4 Nf6 2. c4 g6 3. Nc3 Bg7 4. Bg5 c5 5. d5 O-O 6. e3 d6 7. Nf3 h6 8. Bh4 Nh7
9. Qc2 f5 10. Nd2 g5 11. Bg3 e5 12. dxe6 Bxe6 13. f3 Nc6 14. a3 Nf6 15. Nb3 Nh5
16. Bf2 Ne5 17. O-O-O Qe7 18. Nd5 Qf7 19. h4 g4 20. f4 Nc6 21. g3 Rab8 22. Be1
Rfc8 23. Kb1 b5 24. Rg1 bxc4 25. Bxc4 Nd4 26. exd4 Bxd5 27. Bxd5 Qxd5 28. Na5
cxd4 29. Qd3 Rc5 30. Bb4 Rxa5 31. Bxa5 Qxa5 32. Rge1 Nf6 33. Re7 Nd5 0-1

[Event "21. Copenhagen Open  (Politiken Cup)"]
[Site "Copenhagen"]
[Date "1999.07.07"]
[Round "5"]
[White "Pedersen, Torben"]
[Black "Rasmussen, Morten Fredsgaard"]
[Result "1/2-1/2"]
[WhiteElo "1625"]
[BlackElo "1771"]
[PlyCount "91"]
[EventDate "1999.07.03"]
[EventType "swiss"]
[EventRounds "11"]
[EventCountry "DEN"]
[SourceDate "2004.01.01"]

1. e4 e6 2. d4 d5 3. exd5 exd5 4. Nf3 Bd6 5. Nc3 c6 6. Qe2+ Ne7 7. Bg5 a5 8. g3
O-O 9. Bg2 f6 10. Be3 Nf5 11. O-O-O Re8 12. Nh4 Nxe3 13. fxe3 f5 14. Nxd5 cxd5
15. Bxd5+ Be6 16. Qc4 Qd7 17. Nxf5 Kh8 18. e4 b5 19. Qd3 Ra7 20. Nxd6 Qxd6 21.
Qxb5 Bd7 22. Qd3 Na6 23. c3 Nc7 24. Bc4 Qh6+ 25. Kb1 Qg5 26. Rhf1 Rb7 27. Qf3
Rbb8 28. Qd3 Nb5 29. Ka1 Nd6 30. Bd5 Rbc8 31. Qa6 Nxe4 32. Qb7 Qg4 33. h3 Qxh3
34. Bxe4 Rb8 35. Qd5 Be6 36. Qd6 Qh2 37. Rb1 Qe2 38. d5 Rxb2 39. Rxb2 Qxf1+ 40.
Bb1 Bg8 41. Qc5 Qf3 42. d6 Rd8 43. Qe5 Qc6 44. Rd2 a4 45. d7 Rxd7 46. Rxd7
1/2-1/2

[Event "21. Copenhagen Open  (Politiken Cup)"]
[Site "Copenhagen"]
[Date "1999.07.07"]
[Round "5"]
[White "Petersen, Steffen"]
[Black "Jorgensen, Carina Eilegaard"]
[Result "1-0"]
[WhiteElo "1875"]
[BlackElo "1574"]
[PlyCount "41"]
[EventDate "1999.07.03"]
[EventType "swiss"]
[EventRounds "11"]
[EventCountry "DEN"]
[SourceDate "2004.01.01"]

1. e4 c5 2. Nf3 d6 3. d4 cxd4 4. Nxd4 Nf6 5. Nc3 a6 6. Be2 g6 7. Be3 Bg7 8. f3
O-O 9. Qd2 Nc6 10. O-O-O Bd7 11. g4 Qc7 12. h4 Rfb8 13. h5 b5 14. hxg6 hxg6 15.
Nxc6 Bxc6 16. Bh6 Bh8 17. Bg5 Qa5 18. Rxh8+ Kxh8 19. Bxf6+ exf6 20. Qh6+ Kg8
21. Rh1 1-0